书目信息 |
| 题名: |
2006通信理论与技术新进展
|
|
| 作者: | 杨义先 , 钮心忻 , 杨榆 主编 | |
| 分册: | ||
| 出版信息: | 北京 北京邮电大学出版社 2006.07 |
|
| 页数: | 1143页 | |
| 开本: | 29cm | |
| 丛书名: | ||
| 单 册: | ||
| 中图分类: | TN91-53 | |
| 科图分类: | ||
| 主题词: | 通信理论--tong xin li lun--学术会议--文集 , 通信技术--tong xin ji shu--学术会议--文集 | |
| 电子资源: | ||
| ISBN: | 7-5635-1292-6 | |
| 000 | 01173nam0 2200277 450 | |
| 001 | 012006296090 | |
| 005 | 20070428101222.31 | |
| 010 | @a7-5635-1292-6@dCNY220.00 | |
| 100 | @a20061121d2006 km y0chiy0120 ea | |
| 101 | 0 | @achi |
| 102 | @aCN@b110000 | |
| 105 | @aa z 000yy | |
| 200 | 1 | @a2006通信理论与技术新进展@A2006 tong xin li lun yu ji shu xin jin zhan@e第十一届全国青年通信学术会议论文集@f杨义先 … [等] 主编@Fyang yi xian…[deng]zhu bian |
| 210 | @a北京@c北京邮电大学出版社@d2006.07 | |
| 215 | @a1143页@c图@d29cm | |
| 304 | @a题名页其他编著:钮心忻,杨榆,雷敏 | |
| 330 | @a本论文集收集了第十一届全国青年通信学术会议论文203篇, 内容涉及通信理论与技术、数字信号处理、网络理论与技术、计算机技术与应用、密码学与信息安全共5大类。 | |
| 517 | 1 | @a第十一届全国青年通信学术会议论文集@Adi shi yi jie quan guo qing nian tong xin xue shu hui yi lun wen ji |
| 606 | 0 | @a通信理论@Atong xin li lun@x学术会议@j文集 |
| 606 | 0 | @a通信技术@Atong xin ji shu@x学术会议@j文集 |
| 690 | @aTN91-53@v4 | |
| 701 | 0 | @a杨义先@Ayang yi xian@4主编 |
| 701 | 0 | @a钮心忻@Aniu xin xin@4主编 |
| 701 | 0 | @a杨榆@Ayang yu@4主编 |
| 801 | 0 | @aCN@c20070428 |
| 905 | @a10447@dTN91-53@eY317 | |
| 2006通信理论与技术新进展:第十一届全国青年通信学术会议论文集/杨义先 … [等] 主编.-北京:北京邮电大学出版社,2006.07 |
| 1143页:图;29cm |
| ISBN 7-5635-1292-6:CNY220.00 |
| 本论文集收集了第十一届全国青年通信学术会议论文203篇, 内容涉及通信理论与技术、数字信号处理、网络理论与技术、计算机技术与应用、密码学与信息安全共5大类。 |
| ● |
| 相关链接 |
|
|
|
正题名:2006通信理论与技术新进展
索取号:TN91-53/Y317
 
预约/预借
| 序号 | 登录号 | 条形码 | 馆藏地/架位号 | 状态 | 备注 |
| 1 | 235649 | 202356495 | 自科库301/301自科库 33排4列3层/ [索取号:TN91-53/Y317] | 在馆 | |
| 2 | 235650 | 202356501 | 自科库301/301自科库 33排4列3层/ [索取号:TN91-53/Y317] | 在馆 |